| 000 | 00754nam a22001817a 4500 | ||
|---|---|---|---|
| 005 | 20251108164905.0 | ||
| 008 | 250721s2008 xx 000 0 ara d | ||
| 082 | 1 | 4 | _aط/551/عيس |
| 100 | 1 |
_aعيسى، مصطفى خالد _eمؤلف |
|
| 245 | 1 | 0 |
_aعلوم الأرض : _bالأراضي الجوراسية / التعرية البحرية / العمود الطبقي / السلوك الميكانيكي / الاحافير / تنمية الابار / التطعيم الاصطناعي للمياه الجوفية / |
| 264 | 1 |
_aعمان : _bدار صفاء، _c2008. |
|
| 300 | _a264ص. | ||
| 650 | 1 | 7 | _aعلوم الارض |
| 650 | 1 | 7 | _aالجيولوجيا |
| 653 | _aناشاون كبار (15-18) سنه | ||
| 942 |
_2ddc _cBK |
||
| 999 |
_c16775 _d16775 |
||